Computer security : (Record no. 56671)
[ view plain ]
| 000 -LEADER | |
|---|---|
| fixed length control field | 00750 a2200205 4500 |
| 008 - FIXED-LENGTH DATA ELEMENTS--GENERAL INFORMATION | |
| fixed length control field | 210726b ||||| |||| 00| 0 eng d |
| 020 ## - INTERNATIONAL STANDARD BOOK NUMBER | |
| International Standard Book Number | 9780321712332 |
| 020 ## - INTERNATIONAL STANDARD BOOK NUMBER | |
| International Standard Book Number | 0321712331 |
| 050 ## - LIBRARY OF CONGRESS CALL NUMBER | |
| Classification number | QA76.9 .A25 |
| Item number | B56 2019 |
| 100 ## - MAIN ENTRY--PERSONAL NAME | |
| Personal name | Bishop, Matt (Matthew A.), |
| 245 ## - TITLE STATEMENT | |
| Title | Computer security : |
| Remainder of title | art and science / |
| Statement of responsibility, etc | Matt Bishop ; with contributions from Elisabeth Sullivan and Michelle Ruppel |
| 250 ## - EDITION STATEMENT | |
| Edition statement | 2nd |
| 260 ## - PUBLICATION, DISTRIBUTION, ETC. (IMPRINT) | |
| Name of publisher, distributor, etc | Addison-Wesley |
| Date of publication, distribution, etc | 2019 |
| Place of publication, distribution, etc | Boston : |
| 300 ## - PHYSICAL DESCRIPTION | |
| Extent | xlix, 1,383 pages : |
| Other physical details | illustrations ; |
| Dimensions | 24 cm |
| 500 ## - GENERAL NOTE | |
| General note | Includes bibliographical references (pages 1251-1339) and index <br/> |
| 650 ## - SUBJECT ADDED ENTRY--TOPICAL TERM | |
| Topical term or geographic name as entry element | Computer security. |
| 700 ## - ADDED ENTRY--PERSONAL NAME | |
| Personal name | Sullivan, Elisabeth, |
| Relator term | contributor |
| 700 ## - ADDED ENTRY--PERSONAL NAME | |
| Personal name | Ruppel, Michelle, |
| Relator term | contributor. |
| 942 ## - ADDED ENTRY ELEMENTS (KOHA) | |
| Item type | Book |
| Source of classification or shelving scheme | Library of Congress Classification |
| Withdrawn status | Lost status | Source of classification or shelving scheme | Damaged status | Not for loan | Collection code | Home library | Current library | Shelving location | Date acquired | Source of acquisition | Cost, normal purchase price | Full call number | Barcode | Copy number | Price effective from | Koha item type | Total Checkouts | Date last seen | Date last borrowed |
|---|---|---|---|---|---|---|---|---|---|---|---|---|---|---|---|---|---|---|---|
| Library of Congress Classification | Non-fiction | Bishop Okullu Memorial Library (Limuru Campus) | Bishop Okullu Memorial Library (Limuru Campus) | General Circulation | 26/07/2021 | PURCHASE | 8568.00 | QA76.9 .A25 B56 2019 | 066266 | 1 | 26/07/2021 | Book | |||||||
| Library of Congress Classification | Non-fiction | Nairobi Campus | Nairobi Campus | General Circulation | 26/07/2021 | PURCHASE | 8568.00 | QA76.9 .A25 B56 2019 | 066267 | 2 | 26/07/2021 | Book | 1 | 08/04/2024 | 22/03/2024 |